[Event "IECC Swiss-574.4"]
[Site "IECC email"]
[Date "2016.11.13"]
[Round "?"]
[White "Mariani, Danilo"]
[Black "Martin, Douglas"]
[Result "1-0"]
[WhiteElo "1442"]
[BlackElo "1714"]
[PlyCount "59"]
[EventDate "2016.??.??"]
[EventType "swiss (corr)"]
[EventRounds "1"]
[SourceTitle "Corr 2020"]
[Source "ChessBase"]
[SourceDate "2019.09.30"]
[SourceVersion "1"]
[SourceVersionDate "2019.09.30"]
[SourceQuality "1"]
[WhiteTeam "Italy"]
[BlackTeam "Germany"]
[WhiteTeamCountry "ITA"]
[BlackTeamCountry "GER"]

1. Nf3 d5 2. d4 c6 3. c4 Nf6 4. Nc3 e6 5. e3 Nbd7 6. Qc2 Be7 7. b3 0-0 8. Be2 c5 9. cxd5 exd5 10. 0-0 b6 11. Bb2 Bb7 12. Rac1 Rc8 13. Qf5 Nb8 14. Rfd1 Qd7 15. Qxd7 Nbxd7 16. Ne5 cxd4 17. exd4 Nb8 18. Bf3 h6 19. a3 Rfe8 20. Nd3 Bf8 21. Nf4 Ne4 22. Ncxd5 Rxc1 23. Bxc1 Bd6 24. Re1 Bxf4 25. Nxf4 Kf8 26. a4 Nd6 27. Rxe8+ Kxe8 28. Ba3 Ne4 29. Nh5 g6 30. Bxe4 1-0

[Event "IECC Swiss-574.2"]
[Site "IECC email"]
[Date "2015.10.30"]
[Round "?"]
[White "Blackman, Leon"]
[Black "Martin, Douglas"]
[Result "1-0"]
[WhiteElo "1818"]
[BlackElo "1729"]
[PlyCount "43"]
[EventDate "2015.??.??"]
[EventType "swiss (corr)"]
[EventRounds "1"]
[SourceTitle "Corr 2020"]
[Source "ChessBase"]
[SourceDate "2019.09.30"]
[SourceVersion "1"]
[SourceVersionDate "2019.09.30"]
[SourceQuality "1"]
[WhiteTeam "Australia"]
[BlackTeam "Germany"]
[WhiteTeamCountry "AUS"]
[BlackTeamCountry "GER"]

1. e4 e6 2. d4 d5 3. Nc3 Bb4 4. e5 c5 5. a3 Bxc3+ 6. bxc3 Qc7 7. Qg4 Ne7 8. Qxg7 Rg8 9. Qxh7 cxd4 10. Ne2 dxc3 11. f4 Nbc6 12. Nxc3 Nd4 13. Bb2 Bd7 14. 0-0-0 Qb6 15. Qd3 Ndf5 16. Ne4 0-0-0 17. Nf6 Rg6 18. g4 Qe3+ 19. Kb1 Qxf4 20. gxf5 Nxf5 21. Bh3 Bc6 22. Rdf1 1-0

[Event "IECC O-2131"]
[Site "IECC email"]
[Date "2005.01.04"]
[Round "?"]
[White "Pasquale, Chiacchio"]
[Black "Martin, Douglas"]
[Result "0-1"]
[WhiteElo "1708"]
[BlackElo "1747"]
[PlyCount "64"]
[EventDate "2005.??.??"]
[EventType "swiss (corr)"]
[EventRounds "2"]
[SourceTitle "Corr 2020"]
[Source "ChessBase"]
[SourceDate "2019.09.30"]
[SourceVersion "1"]
[SourceVersionDate "2019.09.30"]
[SourceQuality "1"]
[WhiteTeam "Italy"]
[BlackTeam "Germany"]
[WhiteTeamCountry "ITA"]
[BlackTeamCountry "GER"]

1. d4 Nf6 2. Nf3 e6 3. e3 b6 4. Bd3 Bb7 5. Nbd2 c5 6. 0-0 cxd4 7. exd4 Be7 8. Re1 Nc6 9. a3 Qc7 10. b3 g5 11. Nxg5 Nxd4 12. Bb2 Rg8 13. Nge4 Nxe4 14. Bxe4 Nf5 15. Bxb7 Qxb7 16. Qf3 Qb8 17. g3 h5 18. Qxh5 Nh4 19. Qh7 Kf8 20. Re4 Nf5 21. Nc4 d5 22. Ne5 Qe8 23. Rg4 Bg5 24. Nf3 Rg6 25. Rxg5 Rxg5 26. Nxg5 Ke7 27. Nxe6 Kd6 28. Qxf5 fxe6 29. Be5+ Kd7 30. Qh7+ Qe7 31. Qxe7+ Kxe7 32. f4 Rc8 0-1